000 00297nam a2200109Ia 4500
008 190216s9999||||xx |||||||||||||| ||und||
100 _aKarunakaran C K
245 0 _aMalayalam-Keralathile Vanangal Nootandukaliloode
260 _b"Vidharthi Mithram, Kottayam."
650 _aMalayalam
942 _cBK
999 _c26292
_d26292